| 000 | 01109nam0a22002891 4500 | ||
|---|---|---|---|
| 001 | rc\2776883 | ||
| 005 | 20250806204923.0 | ||
| 035 | _a(NLR Aleph) 006903166 | ||
| 090 |
_a30722 _c30722 |
||
| 100 | _a20110915d1941 u y0rusy50 ca | ||
| 101 | 0 | _arus | |
| 102 | _aRU | ||
| 105 | _aa z |||a| | ||
| 200 | 1 |
_a"Уриель Акоста" на русской сцене _eСтатьи о трагедии Карла Гуцкова и ее сценич. истории |
|
| 210 |
_aМосква _cЦентр. театрал. касса _d1941 |
||
| 215 |
_a44 с. _cил. _d20 см. |
||
| 300 | _aЗагл. обл.: Уриэль Акоста на сцене | ||
| 512 | 0 | _aУриэль Акоста на сцене | |
| 702 | 1 |
_aГуцков _bК. _f1811-1878 _gКарл _3RU\NLR\auth\7752969 _4570 |
|
| 712 | 0 | 2 |
_aЦентральная театрал. касса (Москва) _eМосква |
| 801 | 0 |
_aRU _bNLR _gpsbo |
|
| 801 | 1 |
_aRU _bELAR _2rusmarc |
|
| 852 |
_aNLR _jИс70 Г-4/2 |
||
| 942 | _cBOOK | ||
| 945 | _aРоссийская национальная библиотека | ||
| 980 | _aNB | ||
| 980 | _aBV | ||